| 000 | 00804nam a2200217Ia 4500 | ||
|---|---|---|---|
| 999 |
_c40784 _d40784 |
||
| 001 | 7423 | ||
| 003 | GE_BSU | ||
| 005 | 20231130171751.0 | ||
| 008 | 181216s1938||||ge |||||||||||||| ||geo|| | ||
| 040 | _cGE_BSU | ||
| 041 | _ageo | ||
| 080 | _a821.353.1-2 დ-22 | ||
| 100 |
_aდარასელი, ვ. _920542 |
||
| 245 |
_aკიკვიძე : _bრომანტიული პოემა / _cვ. დარასელი ; რედ. ა. მაშაშვილი. |
||
| 264 |
_aთბილისი : _bფედერაცია, _c1938. |
||
| 300 |
_a82 გვ. ; _c16 სმ. |
||
| 653 | _aკიკვიძე | ||
| 653 | _aრომანტიული პოემა | ||
| 700 |
_aმაშაშვილი, ა. _eრედაქტორი _920543 |
||
| 942 |
_cBK _2udc |
||